<?xml version="1.0" encoding="UTF-8"?>
<record
    xmlns:xsi="http://www.w3.org/2001/XMLSchema-instance"
    xsi:schemaLocation="http://www.loc.gov/MARC21/slim http://www.loc.gov/standards/marcxml/schema/MARC21slim.xsd"
    xmlns="http://www.loc.gov/MARC21/slim">

  <leader>01063cam a2200289 a 4500</leader>
  <controlfield tag="001">3997311</controlfield>
  <controlfield tag="003">OSt</controlfield>
  <controlfield tag="005">20210915083739.0</controlfield>
  <controlfield tag="008">960315s1996    flua     b    001 0 eng  </controlfield>
  <datafield tag="010" ind1=" " ind2=" ">
    <subfield code="a">   96013940 </subfield>
  </datafield>
  <datafield tag="020" ind1=" " ind2=" ">
    <subfield code="a">0849380774 (alk. paper)</subfield>
  </datafield>
  <datafield tag="040" ind1=" " ind2=" ">
    <subfield code="a">DDC</subfield>
    <subfield code="c">HU</subfield>
    <subfield code="d">DLC</subfield>
  </datafield>
  <datafield tag="050" ind1="0" ind2="0">
    <subfield code="a">QA274.4</subfield>
    <subfield code="b">.K86 1996</subfield>
  </datafield>
  <datafield tag="082" ind1="0" ind2="0">
    <subfield code="a">519.2/KUO</subfield>
    <subfield code="2">20</subfield>
  </datafield>
  <datafield tag="100" ind1="1" ind2=" ">
    <subfield code="a">Kuo, Hui-Hsiung,</subfield>
    <subfield code="d">1941-</subfield>
    <subfield code="9">3679</subfield>
  </datafield>
  <datafield tag="245" ind1="1" ind2="0">
    <subfield code="a">White noise distribution theory /</subfield>
    <subfield code="c">Hui-Hsiung Kuo.</subfield>
  </datafield>
  <datafield tag="260" ind1=" " ind2=" ">
    <subfield code="a">Boca Raton :</subfield>
    <subfield code="b">CRC Press,</subfield>
    <subfield code="c">c1996.</subfield>
  </datafield>
  <datafield tag="300" ind1=" " ind2=" ">
    <subfield code="a">378 p. :</subfield>
    <subfield code="b">ill. ;</subfield>
    <subfield code="c">24 cm.</subfield>
  </datafield>
  <datafield tag="440" ind1=" " ind2="0">
    <subfield code="a">Probability and stochastics series</subfield>
    <subfield code="9">3588</subfield>
  </datafield>
  <datafield tag="504" ind1=" " ind2=" ">
    <subfield code="a">Includes bibliographical references (p. 359-368) and index.</subfield>
  </datafield>
  <datafield tag="650" ind1=" " ind2="0">
    <subfield code="a">Gaussian processes.</subfield>
    <subfield code="9">3680</subfield>
  </datafield>
  <datafield tag="650" ind1=" " ind2="0">
    <subfield code="a">Wiener integrals.</subfield>
    <subfield code="9">3681</subfield>
  </datafield>
  <datafield tag="856" ind1="4" ind2="2">
    <subfield code="3">Publisher description</subfield>
    <subfield code="u">http://www.loc.gov/catdir/enhancements/fy0742/96013940-d.html</subfield>
  </datafield>
  <datafield tag="906" ind1=" " ind2=" ">
    <subfield code="a">7</subfield>
    <subfield code="b">cbc</subfield>
    <subfield code="c">orignew</subfield>
    <subfield code="d">1</subfield>
    <subfield code="e">ocip</subfield>
    <subfield code="f">19</subfield>
    <subfield code="g">y-gencatlg</subfield>
  </datafield>
  <datafield tag="942" ind1=" " ind2=" ">
    <subfield code="2">ddc</subfield>
    <subfield code="c">BOOKS</subfield>
    <subfield code="n">0</subfield>
  </datafield>
  <datafield tag="999" ind1=" " ind2=" ">
    <subfield code="c">3918</subfield>
    <subfield code="d">3918</subfield>
  </datafield>
  <datafield tag="952" ind1=" " ind2=" ">
    <subfield code="0">0</subfield>
    <subfield code="1">0</subfield>
    <subfield code="2">ddc</subfield>
    <subfield code="4">0</subfield>
    <subfield code="7">0</subfield>
    <subfield code="a">001</subfield>
    <subfield code="b">001</subfield>
    <subfield code="c">GEN</subfield>
    <subfield code="d">2021-09-15</subfield>
    <subfield code="l">0</subfield>
    <subfield code="o">519.2/KUO</subfield>
    <subfield code="p">NSCLIB00002203</subfield>
    <subfield code="r">2021-09-15 00:00:00</subfield>
    <subfield code="t">1</subfield>
    <subfield code="w">2021-09-15</subfield>
    <subfield code="y">BOOKS</subfield>
  </datafield>
  <datafield tag="952" ind1=" " ind2=" ">
    <subfield code="0">0</subfield>
    <subfield code="1">0</subfield>
    <subfield code="2">ddc</subfield>
    <subfield code="4">0</subfield>
    <subfield code="7">0</subfield>
    <subfield code="a">001</subfield>
    <subfield code="b">001</subfield>
    <subfield code="c">GEN</subfield>
    <subfield code="d">2021-09-15</subfield>
    <subfield code="l">0</subfield>
    <subfield code="o">519.2/KUO</subfield>
    <subfield code="p">NSCLIB00002204</subfield>
    <subfield code="r">2021-09-15 00:00:00</subfield>
    <subfield code="t">2</subfield>
    <subfield code="w">2021-09-15</subfield>
    <subfield code="y">BOOKS</subfield>
  </datafield>
  <datafield tag="952" ind1=" " ind2=" ">
    <subfield code="0">0</subfield>
    <subfield code="1">0</subfield>
    <subfield code="2">ddc</subfield>
    <subfield code="4">0</subfield>
    <subfield code="7">0</subfield>
    <subfield code="a">001</subfield>
    <subfield code="b">001</subfield>
    <subfield code="c">GEN</subfield>
    <subfield code="d">2021-09-15</subfield>
    <subfield code="l">0</subfield>
    <subfield code="o">519.2/KUO</subfield>
    <subfield code="p">NSCLIB00002205</subfield>
    <subfield code="r">2021-09-15 00:00:00</subfield>
    <subfield code="t">3</subfield>
    <subfield code="w">2021-09-15</subfield>
    <subfield code="y">BOOKS</subfield>
  </datafield>
  <datafield tag="952" ind1=" " ind2=" ">
    <subfield code="0">0</subfield>
    <subfield code="1">0</subfield>
    <subfield code="2">ddc</subfield>
    <subfield code="4">0</subfield>
    <subfield code="7">0</subfield>
    <subfield code="a">001</subfield>
    <subfield code="b">001</subfield>
    <subfield code="c">GEN</subfield>
    <subfield code="d">2021-09-15</subfield>
    <subfield code="l">0</subfield>
    <subfield code="o">519.2/KUO</subfield>
    <subfield code="p">NSCLIB00002206</subfield>
    <subfield code="r">2021-09-15 00:00:00</subfield>
    <subfield code="t">4</subfield>
    <subfield code="w">2021-09-15</subfield>
    <subfield code="y">BOOKS</subfield>
  </datafield>
  <datafield tag="952" ind1=" " ind2=" ">
    <subfield code="0">0</subfield>
    <subfield code="1">0</subfield>
    <subfield code="2">ddc</subfield>
    <subfield code="4">0</subfield>
    <subfield code="7">0</subfield>
    <subfield code="a">001</subfield>
    <subfield code="b">001</subfield>
    <subfield code="c">GEN</subfield>
    <subfield code="d">2021-09-15</subfield>
    <subfield code="l">0</subfield>
    <subfield code="o">519.2/KUO</subfield>
    <subfield code="p">NSCLIB00002207</subfield>
    <subfield code="r">2021-09-15 00:00:00</subfield>
    <subfield code="t">5</subfield>
    <subfield code="w">2021-09-15</subfield>
    <subfield code="y">BOOKS</subfield>
  </datafield>
  <datafield tag="952" ind1=" " ind2=" ">
    <subfield code="0">0</subfield>
    <subfield code="1">0</subfield>
    <subfield code="2">ddc</subfield>
    <subfield code="4">0</subfield>
    <subfield code="7">0</subfield>
    <subfield code="a">001</subfield>
    <subfield code="b">001</subfield>
    <subfield code="c">GEN</subfield>
    <subfield code="d">2021-09-15</subfield>
    <subfield code="l">0</subfield>
    <subfield code="o">519.2/KUO</subfield>
    <subfield code="p">NSCLIB00002208</subfield>
    <subfield code="r">2021-09-15 00:00:00</subfield>
    <subfield code="t">6</subfield>
    <subfield code="w">2021-09-15</subfield>
    <subfield code="y">BOOKS</subfield>
  </datafield>
  <datafield tag="952" ind1=" " ind2=" ">
    <subfield code="0">0</subfield>
    <subfield code="1">0</subfield>
    <subfield code="2">ddc</subfield>
    <subfield code="4">0</subfield>
    <subfield code="7">0</subfield>
    <subfield code="a">001</subfield>
    <subfield code="b">001</subfield>
    <subfield code="c">GEN</subfield>
    <subfield code="d">2021-09-15</subfield>
    <subfield code="l">0</subfield>
    <subfield code="o">519.2/KUO</subfield>
    <subfield code="p">NSCLIB00002209</subfield>
    <subfield code="r">2021-09-15 00:00:00</subfield>
    <subfield code="t">7</subfield>
    <subfield code="w">2021-09-15</subfield>
    <subfield code="y">BOOKS</subfield>
  </datafield>
  <datafield tag="952" ind1=" " ind2=" ">
    <subfield code="0">0</subfield>
    <subfield code="1">0</subfield>
    <subfield code="2">ddc</subfield>
    <subfield code="4">0</subfield>
    <subfield code="7">0</subfield>
    <subfield code="a">001</subfield>
    <subfield code="b">001</subfield>
    <subfield code="c">GEN</subfield>
    <subfield code="d">2021-09-15</subfield>
    <subfield code="l">0</subfield>
    <subfield code="o">519.2/KUO</subfield>
    <subfield code="p">NSCLIB00002210</subfield>
    <subfield code="r">2021-09-15 00:00:00</subfield>
    <subfield code="t">8</subfield>
    <subfield code="w">2021-09-15</subfield>
    <subfield code="y">BOOKS</subfield>
  </datafield>
  <datafield tag="952" ind1=" " ind2=" ">
    <subfield code="0">0</subfield>
    <subfield code="1">0</subfield>
    <subfield code="2">ddc</subfield>
    <subfield code="4">0</subfield>
    <subfield code="7">0</subfield>
    <subfield code="a">001</subfield>
    <subfield code="b">001</subfield>
    <subfield code="c">GEN</subfield>
    <subfield code="d">2021-09-15</subfield>
    <subfield code="l">0</subfield>
    <subfield code="o">519.2/KUO</subfield>
    <subfield code="p">NSCLIB00002211</subfield>
    <subfield code="r">2021-09-15 00:00:00</subfield>
    <subfield code="t">9</subfield>
    <subfield code="w">2021-09-15</subfield>
    <subfield code="y">BOOKS</subfield>
  </datafield>
  <datafield tag="952" ind1=" " ind2=" ">
    <subfield code="0">0</subfield>
    <subfield code="1">0</subfield>
    <subfield code="2">ddc</subfield>
    <subfield code="4">0</subfield>
    <subfield code="7">0</subfield>
    <subfield code="a">001</subfield>
    <subfield code="b">001</subfield>
    <subfield code="c">GEN</subfield>
    <subfield code="d">2021-09-15</subfield>
    <subfield code="l">0</subfield>
    <subfield code="o">519.2/KUO</subfield>
    <subfield code="p">NSCLIB00002212</subfield>
    <subfield code="r">2021-09-15 00:00:00</subfield>
    <subfield code="t">10</subfield>
    <subfield code="w">2021-09-15</subfield>
    <subfield code="y">BOOKS</subfield>
  </datafield>
</record>
